Noemi Ruiz y la poesía visual del trópico (Record no. 4813)

MARC details
000 - LÍDER
campo de control de longitud fija 00965nam a2200217Ia 4500
008 - ELEMENTOS DE DATOS DE LONGITUD FIJA - INFORMACIÓN GENERAL
campo de control de longitud fija 0000001996 pr a 0000000000spa00
020 ## - INTERNATIONAL STANDARD BOOK NUMBER
International Standard Book Number 965000508
090 ## - NÚMERO DE LLAMADA DE TIPO LC LOCALMENTE ASIGNADO (OCLC)
Número de clasificación (OCLC) (R) PPR00 M34n
100 1# - ENTRADA PRINCIPAL - NOMBRE PERSONAL
Nombre de la persona Miller, Jeannette
245 10 - TÍTULO DECLARACIÓN
Título Noemi Ruiz y la poesía visual del trópico
Declaración de responsabilidad / ensayo Jeannette Miller ; traducción Eneid Routté Gómez
260 ## - PUBLICACIÓN, DISTRIBUCIÓN
Lugar de publicación San Juan (Puerto Rico) : Universidad de Puerto Rico
Fecha de publicación 1996
300 ## - DESCRIPCIÓN FÍSICA
Alcance 164 p.
Dimensiones / 28 cm.
500 ## - NOTA GENERAL
Nota general Portada autografiada con el siguiente texto : Para Celia con el color del Caribe y el sol de Puerto Rico, cariñosamente, Noemi Ruíz, 1/30/96 \ Con el patronazgo del maestro venezolano Jesús Rafael Soto (q.e.p.d.)
600 00 - ENTRADA DE SUJETO AÑADIDO - NOMBRE PERSONAL
Nombre de la persona RUIZ, NOEMI, 1931/
Subdivisión general TRABAJOS PICTORICOS
650 14 - ENTRADA DE SUJETO AÑADIDO - TÉRMINO TÓPICO
Término tópico o elemento de entrada del nombre geográfico ARTE CONTEMPORANEO PUERTORRIQUEÑO
650 14 - ENTRADA DE SUJETO AÑADIDO - TÉRMINO TÓPICO
Subdivisión general CATALOGOS
650 14 - ENTRADA DE SUJETO AÑADIDO - TÉRMINO TÓPICO
Subdivisión general EXPOSICIONES
650 14 - ENTRADA DE SUJETO AÑADIDO - TÉRMINO TÓPICO
Término tópico o elemento de entrada del nombre geográfico PINTORES PUERTORRIQUEÑOS
650 14 - ENTRADA DE SUJETO AÑADIDO - TÉRMINO TÓPICO
Término tópico o elemento de entrada del nombre geográfico PINTURA PUERTORRIQUEÑA
700 1# - ENTRADA AGREGADA - NOMBRE PERSONAL
Nombre de la persona Routté Gómez, Eneid, tr.
Holdings
Estado de retirada Pérdida de estatus Estado dañado No para préstamo Código de recogida Ubicación permanente Ubicación actual Ubicación de las estanterías Fecha de adquisición Número de llamada completo Código de barras Fecha de la última vez que se vio Número de copia Precio efectivo desde Tipo de artículo Koha
        General ArtNexus ArtNexus General 06/09/2022 P-PR-00 M34N 4817 06/09/2022 Ej.1 06/09/2022 Libro

Powered by Koha